Kalendarz F1 2010 - zwycięzcy (Yellow Box) - Statystyki

Ogólne statystyki
  • Ten quiz został rozwiązany 21 razy
  • Średni wynik to 17 z 19
Statystyki odpowiedzi
Grand Prix Zwycięzca % Poprawnych
Bahrajn Fernando Alonso
100%
Australia Jenson Button
100%
Malezja Sebastian Vettel
100%
Chiny Jenson Button
95%
Niemcy Fernando Alonso
90%
Włochy Fernando Alonso
90%
Singapur Fernando Alonso
90%
Korea Południowa Fernando Alonso
90%
Turcja Lewis Hamilton
90%
Kanada Lewis Hamilton
90%
Belgia Lewis Hamilton
90%
Hiszpania Mark Webber
90%
Monako Mark Webber
90%
Węgry Mark Webber
90%
Japonia Sebastian Vettel
90%
Brazylia Sebastian Vettel
90%
Abu Dhabi Sebastian Vettel
90%
Wielka Brytania Mark Webber
85%
Europa (Hiszpania) Sebastian Vettel
85%
Nie znaleziono quizów pasujących do podanych kryteriów
Rozkład punktacji
Procent ludzi z każdym wynikiem
Percentyl według liczby udzielonych odpowiedzi
Twoja historia wyników
Nie rozwiązałeś tego quizu